Denkweisen und grundbegriffe der soziologie : eine Einfuhrung

Αποθηκεύτηκε σε:
Λεπτομέρειες βιβλιογραφικής εγγραφής
Συγγραφή απο Οργανισμό/Αρχή: Arbeitsgruppe Soziologie
Μορφή: Βιβλίο
Γλώσσα:German
Δημοσίευση: Frankfurt : Campus-Verlag, 1992.
Έκδοση:10. aufl., rev. und erw.
Σειρά:Reihe Campus. Studium ; 1064
Θέματα:
Ετικέτες: Προσθήκη ετικέτας
Δεν υπάρχουν, Καταχωρήστε ετικέτα πρώτοι!

MARC

LEADER 00000cam a2200000 i 4500
001 1/1144
008 950707s1992 gw | ||| |||| ||ger||
020 |a 3593347156 
035 |l 10014331 
040 |a GR-MyUa  |b gre  |e AACR2 
041 0 |a ger 
082 7 |a 301   |2 (22) 
110 2 |a Arbeitsgruppe Soziologie. 
245 1 0 |a Denkweisen und grundbegriffe der soziologie :   |b eine Einfuhrung /   |c Arbeitsgruppe Soziologie. 
250 |a 10. aufl., rev. und erw.  
260 |a Frankfurt :   |b Campus-Verlag,   |c 1992. 
300 |a 235 σ. :   |b εικ. ;   |c 19 εκ. 
490 1 |a (Reihe Campus. Studium ;   |v 1064) 
650 0 0 |a Sociology. 
767 0 8 |i Μεταφρασμένο ως:   |t Τρόποι σκέψης και βασικές έννοιες της κοινωνιολογίας :  
830 0 |a Reihe Campus.   |p Studium ;  |v 1064 
852 |a INST  |b LESVOS  |e 19950707  |h 301 ARB  |p 005100007893  |q 005100007893  |t BK  |y 0 
922 |a 1ΕΛΗ  |b 199907  |c ΠΠ/3143/9  |d LEADER 
970 |z 2000/08/ELIDOC